Statistics for Countries Bujar Nishani has Visited

Click here to take the quiz!

General Stats

  • This quiz has been taken 27 times
  • The average score is 18 of 23

Answer Stats

ContinentCountry% Correct
North AmericaUnited States of America
100%
EuropeAustria
92%
EuropeBosnia and Herzegovina
92%
EuropeCroatia
92%
EuropeSerbia
92%
EuropeSlovenia
92%
EuropeBelgium
85%
EuropeBulgaria
85%
EuropeGermany
85%
EuropeItaly
85%
EuropeMontenegro
85%
EuropeSlovakia
85%
Asia/ EuropeTurkey
85%
EuropeUnited Kingdom
85%
AsiaIsrael
77%
EuropeMacedonia
77%
North AmericaMexico
77%
EuropeRomania
77%
EuropeFrance
69%
EuropeKosovo
69%
AsiaSaudi Arabia
54%
AsiaAzerbaijan
46%
AsiaJordan
46%

Score Distribution

Percentile by Number Answered

Percent of People with Each Score

Your Score History

You have not taken this quiz